banner koha

Epidemiological aspects and treatment of parasitic lesions similar to Stephanofilariasis disease in nursing cows (Registro n. 224785)

MARC details
000 -LÍDER
campo de controle de tamanho fixo 01032nas a2200337 4500
001 - NÚMERO DE CONTROLE
campo de controle BR2012009748
003 - IDENTIFICADOR DO NÚMERO DE CONTROLE
campo de controle BR-BrBNA
005 - DATA E HORÁRIO DA ÚLTIMA TRANSAÇÃO
campo de controle 20231205121710.0
007 - CAMPO FIXO DE DESCRIÇÃO FÍSICA--INFORMAÇÃO GERAL
campo de controle de tamanho fixo ta
008 - CAMPO DE DADOS FIXOS--INFORMAÇÃO GERAL
campo de controle de tamanho fixo 230509b bl.|||p| |||| 00| 00por d
040 ## - FONTE DA CATALOGAÇÃO
Instituição da catalogação original BR-BrBNA
Idioma da catalogação por
Instituição que transcreveu o registro Biblioteca Nacional de Agricultura
041 ## - CÓDIGO DE IDIOMA
Código do idioma do texto/trilha sonora ou título diferente (En)
072 ## - CÓDIGO DE CATEGORIA DE ASSUNTO
Código de Categoria de Assunto L73; L72
100 1# - ENTRADA PRINCIPAL--NOME PESSOAL
Nome pessoal Silva, L.A.F.
100 1# - ENTRADA PRINCIPAL--NOME PESSOAL
Nome pessoal Rabelo, R.E.
100 1# - ENTRADA PRINCIPAL--NOME PESSOAL
Nome pessoal Moura, M.I. de
100 1# - ENTRADA PRINCIPAL--NOME PESSOAL
Nome pessoal Fioravanti, M.C.S.
100 1# - ENTRADA PRINCIPAL--NOME PESSOAL
Nome pessoal Borges, L.M.F.
100 1# - ENTRADA PRINCIPAL--NOME PESSOAL
Nome pessoal Lima, C.R. de O.
245 1# - TÍTULO
Título Epidemiological aspects and treatment of parasitic lesions similar to Stephanofilariasis disease in nursing cows
650 ## - ASSUNTO--TERMO TÓPICO
Cabeçalho tópico ou nome geográfico VACA LEITEIRA
650 ## - ASSUNTO--TERMO TÓPICO
Cabeçalho tópico ou nome geográfico DOENÇA ANIMAL
650 ## - ASSUNTO--TERMO TÓPICO
Cabeçalho tópico ou nome geográfico FILARIOSE
650 ## - ASSUNTO--TERMO TÓPICO
Cabeçalho tópico ou nome geográfico LESÃO
650 ## - ASSUNTO--TERMO TÓPICO
Cabeçalho tópico ou nome geográfico PARASITO DE ANIMAL
650 ## - ASSUNTO--TERMO TÓPICO
Cabeçalho tópico ou nome geográfico EPIDEMIOLOGIA
650 ## - ASSUNTO--TERMO TÓPICO
Cabeçalho tópico ou nome geográfico HISTOLOGIA ANIMAL
773 0# - ENTRADA ANALÍTICA
Título Semina. Ciências Agrárias (Brazil)
ISSN - International Standard Serial Number ISSN 1676-546X
Partes relacionadas (Jul-Sep 2010), v. 31(3) p. 689-698
Número de controle do registro BR2012009748
909 ## -
-- 202311
-- Lúcia
-- 55
-- Lúcia Elande
942 ## - ELEMENTOS DE ENTRADA ADICIONADOS (KOHA)
Fonte da classificação ou esquema de arquivamento na estante Classificação AGRIS
Ocultar no OPAC Não
Tipo de material Koha Analítica
Exemplares
Situação do descarte Fonte da classificação ou esquema de arquivamento na estante Situação física Não pode ser emprestado Biblioteca de origem Biblioteca atual Localização na estante Enumeração do periódico / cronologia Total de empréstimos Data de último acesso Número do exemplar Tipo de material Koha Fonte de aquisição
  Classificação AGRIS   Consulta local Biblioteca Nacional de Agricultura - Binagri Biblioteca Nacional de Agricultura - Binagri   (Jul-Sep 2010), v. 31(3) p. 689-698   29/11/2023 01 Periódicos Portaria Interministerial nº 164/94

BINAGRI

Telefone: (61)3218-2567/2388/3357/2097 - binagri@agro.gov.br

Ministério da Agricultura e Pecuária , Esplanada dos Ministérios, Bloco D, Anexo B, Brasília/DF, CEP: 70.043-900